| 000 | 00438nam a2200157 4500 | ||
|---|---|---|---|
| 001 | 107828 | ||
| 003 | ES-MaACL | ||
| 005 | 20230906184512.0 | ||
| 007 | t| | ||
| 008 | 061121s1970 sp r ||||1| spa d | ||
| 100 | 1 |
_aMoreno Hernández, Miguel. _983385 |
|
| 245 | 1 | 3 |
_aEl escape / _cMiguel Moreno Hernández. |
| 260 |
_aMadrid : _b[s.n.], _c1970 ( _fTip. Velograf) |
||
| 300 |
_a182 p. ; _c19 cm. |
||
| 852 |
_aES-MaACL _jC-40111 _bR.72542 |
||
| 999 |
_c107828 _d107828 |
||